| 000 | 00650nam a22002177a 4500 | ||
|---|---|---|---|
| 005 | 20170124110004.0 | ||
| 010 | _aA-423248 | ||
| 020 |
_c00.00 _a81717690637 |
||
| 035 | _aA-423248 | ||
| 037 | _bCen Lib/Ret | ||
| 040 |
_aDPL _bEN |
||
| 082 |
_a363.7 _bDHA |
||
| 100 |
_aDhawan, B.D. _916410 |
||
| 245 |
_aBig dams : _cby B.D. Dhawan _bclaims, counter claims / |
||
| 260 |
_aNew Delhi _bCommonwealth Publishers _c1990 |
||
| 270 |
_bNew Delhi _a4378/4B, ansari road, gali murari lal _e110002 |
||
| 300 |
_axv, 207p. _c21cm(Hb) |
||
| 650 |
_aBig dams _916411 |
||
| 650 |
_aControversy _916412 |
||
| 942 |
_2ddc _cEN _h363.7 _mDHA |
||
| 999 |
_c126044 _d126044 |
||